Detalles MARC
| 000 -LÍDER |
| Campo fijo de descripción fija |
02626nam a2200337 i 4500 |
| 001 - NÚMERO DE CONTROL |
| Campo de control |
768714001 |
| 003 - IDENTIFICADOR DEL NÚMERO DE CONTROL |
| Campo de control |
CO-MdFUSB |
| 005 - FECHA Y HORA DE LA ULTIMA TRANSACCIÓN |
| control field |
20260327152830.0 |
| 007 - CAMPO FIJO DE DESCRIPCIÓN FIJA--INFORMACIÓN GENERAL |
| Campo fijo de descripción fija |
ta |
| 008 - ELEMENTOS DE LONGITUD FIJA -- INFORMACIÓN GENERAL |
| Campo fijo de descripción fija -- Información general |
240918t2003 ck ||||| |||| 001 0 spa d |
| 020 ## - NÚMERO INTERNACIONAL NORMALIZADO PARA LIBROS |
| Número Internacional Normalizado del libro |
958-33-4921-6 |
| 040 ## - FUENTE DE CATALOGACIÓN |
| Idioma de catalogación |
spa. |
| Agencia de catalogación original |
CO-MdFUSB |
| Agencia que realiza la transcripción |
CO-MdFUSB |
| Agencia que realiza la modificación |
CO-MdFUSBC |
| Convenciones de la descripción |
rda |
| 041 ## - CÓDIGO DE IDIOMA |
| Código de idioma para texto/pista de sonido o título separado |
spa |
| 082 ## - NÚMERO DE CLASIFICACIÓN DECIMAL DEWEY |
| Número de la edición del Dewey |
23 |
| Número de clasificación |
264.02098 |
| Clave de autor-Numero de item |
C741 |
| 110 ## - ASIENTO PRINCIPAL--NOMBRE CORPORATIVO |
| Nombre corporativo o de jurisdicción como elemento de entrada |
Comunidad de Educación Teológica Ecuménica Latinoamericana y Caribeña |
| 245 1# - TÍTULO |
| Título del Material |
Inculturación de la liturgia en contextos latinoamericanos y caribeños : |
| Parte restante del título - Subtitulo |
aproximaciones teológicas y pedagógicas |
| Mención de responsabilidad, etc. |
/ Comunidad de Educación Teológica Ecuménica Latinoamericana y Caribeña (CETELA) |
| 264 #1 - PRODUCCIÓN, PUBLICACIÓN, DISTRIBUCIÓN, MANUFACTURA, Y COPYRIGHT |
| Lugar de producción, publicación, distribución, manufactura |
Bogotá, Colombia : |
| Nombre del productor, publicador, distribuidor |
Kimpress, |
| Fecha de producción, publicación, distribución, manufactura, o copyright |
[2003] |
| 264 #4 - PRODUCCIÓN, PUBLICACIÓN, DISTRIBUCIÓN, MANUFACTURA, Y COPYRIGHT |
| Fecha de producción, publicación, distribución, manufactura, o copyright |
©2003 |
| 300 ## - DESCRIPCIÓN FÍSICA |
| Extensión |
341 páginas |
| Dimensiones |
; 21 cm |
| 336 ## - TIPO DE CONTENIDO |
| Fuente |
rdacontent |
| Término de tipo de contenido |
texto |
| Código de tipo de contenido |
txt |
| 337 ## - TIPO DE MEDIO |
| Fuente |
rdamedia |
| Nombre del tipo de medio |
sin mediación |
| Código del tipo de medio |
n |
| 338 ## - TIPO DE SOPORTE |
| Fuente |
rdacarrier |
| Nombre del tipo de soporte |
volumen |
| Código Tipo de soporte |
nc |
| 500 ## - NOTA GENERAL |
| Nota General |
Incluye índice, fotografías |
| 505 ## - NOTA DE CONTENIDO |
| Información miscelánea |
Primera parte: |
| Título |
Seminario: para profesores y profesoras de liturgia. |
| Nota de contenido con formato preestablecido |
Memoria abreviada. -- Liturgia y contexto: fundamentos teológicos. -- Reacciones a la ponencia de Glaucia Vasconcellos. -- De Juan Gattinoni. -- De Nelson Kirst. -- Liturgia y cultura. -- Reacción a la ponencia de Jaci Maraschin. -- Elementos de diseño y evaluación curricular para programas y cursos de liturgia. -- Celebración y liberación en la espiritualidad pentecostal: acercamiento teológico y pastoral a aspectos fundamentales del culto pentecostal. -- Culto y cultura en Vale da Pitanga: breve relatório de uma pesquisa social. |
| Información miscelánea |
Segunda parte: |
| Título |
Seminario: para profesores y profesoras de liturgia. |
| Nota de contenido con formato preestablecido |
Memoria abreviada. -- La liturgia y los componentes de la cultura. -- Relación entre culto y cultura: dos métodos de inculturación litúrgica. -- El culto cristiano en la Unión Evangélica Pentecostal Venezolana: historia y teología. -- Una liturgia de la Iglesia Evangélica de Confesión Luterana en Brasil: definición, fundamentos bíblico-teológicos, historia (orígenes y evolución), expresión actual. -- Metodología de ensino de liturgia. -- Liturgia de la Convención Bautista Internacional de Nicaragua. -- La liturgia de la Fraternidad de Iglesias Bautistas de Cuba. -- La experiencia litúrgica en la Iglesia Evangélica Metodista de Bolivia. -- Liturgia contextualizada Kichwa. -- Liturgia y tradición bautista contemporánea. |
| 563 ## - NOTA DE ENCUADERNACIÓN |
| Nota de encuadernación |
Rústica |
| 653 ## - TÉRMINO DE INDIZACIÓN - NO CONTROLADO |
| Término no controlado |
Liturgia cristiana — América Latina |
| 653 ## - TÉRMINO DE INDIZACIÓN - NO CONTROLADO |
| Término no controlado |
Liturgia — Contexto cultural |
| 653 ## - TÉRMINO DE INDIZACIÓN - NO CONTROLADO |
| Término no controlado |
Inculturación (Teología) |
| 942 ## - TIPO DE MATERIAL (KOHA) |
| Tipo de Item KOHA |
Libros General |
| 945 ## - INFORMACIÓN LOCAL DEL REGISTRO |
| Catalogador |
Catherine Arias Alvarez |